LEADER 02826nam 2200613Ia 450 001 9910455284303321 005 20200520144314.0 010 $a1-135-20302-4 010 $a1-282-31615-X 010 $a1-78034-255-1 010 $a9786612316159 010 $a0-203-87071-9 035 $a(CKB)1000000000799749 035 $a(EBL)456660 035 $a(OCoLC)475058603 035 $a(SSID)ssj0000335609 035 $a(PQKBManifestationID)11257634 035 $a(PQKBTitleCode)TC0000335609 035 $a(PQKBWorkID)10272955 035 $a(PQKB)11549861 035 $a(MiAaPQ)EBC456660 035 $a(Au-PeEL)EBL456660 035 $a(CaPaEBR)ebr10341893 035 $a(CaONFJC)MIL231615 035 $a(EXLCZ)991000000000799749 100 $a20090310d2009 uy 0 101 0 $aeng 135 $aur|n|---||||| 181 $ctxt 182 $cc 183 $acr 200 14$aThe Caucasus$b[electronic resource] $ean introduction /$fFrederik Coene 210 $aNew York ;$aAbingdon, Oxon $cRoutledge$d2009 215 $a1 online resource (255 p.) 225 1 $aRoutledge Contemporary Russia and Eastern Europe Series ;$vv.v. 17 300 $aDescription based upon print version of record. 311 $a0-415-66683-X 311 $a0-415-48660-2 320 $aIncludes bibliographical references and index. 327 $aBOOK COVER; TITLE; COPYRIGHT; CONTENTS; ILLUSTRATIONS; FOREWORD; PREFACE; ACKNOWLEDGEMENTS; ABBREVIATIONS AND ACRONYMS; INTRODUCTION; 1 GEOGRAPHY; 2 TERRITORIAL DIVISION, GOVERNMENT AND ADMINISTRATION; 3 POPULATION AND SOCIETY; 4 HISTORY; 5 CONFLICTS; 6 INTERNATIONAL POLITICS; 7 ECONOMY; 8 CULTURE AND TRADITIONS; APPENDIX I: CONFUSING TERMS; APPENDIX II: POPULATION STATISTICS BY ETHNIC GROUP; NOTES; SUGGESTED READING; INDEX 330 $aThe Caucasus is one of the most complicated regions in the world: with many different peoples and political units, differing religious allegiances, and frequent conflicts, and where historically major world powers have clashed with each other. Until now there has been no single book for those wishing to learn about this complex region. This book fills the gap, providing a clear, comprehensive introduction to the Caucasus, which is suitable for all readers. It covers the geography; the historical development of the region; economics; politics and government; population; religion and society; 410 0$aRoutledge Contemporary Russia and Eastern Europe Series 607 $aCaucasus$xHistory 607 $aCaucasus$xDescription and travel 608 $aElectronic books. 676 $a947.5 700 $aCoene$b Frederik$0517118 801 0$bMiAaPQ 801 1$bMiAaPQ 801 2$bMiAaPQ 906 $aBOOK 912 $a9910455284303321 996 $aThe Caucasus$92253587 997 $aUNINA LEADER 02153nas 2200445 n 450 001 990008953390403321 005 20240229084541.0 011 $a0143-831X 035 $a000895339 035 $aFED01000895339 035 $a(Aleph)000895339FED01 035 $a000895339 091 $2CNR$aP 00047258 100 $a20161109a19809999km-y0itaa50------ba 101 0 $aeng 102 $aGB 110 $aauu-------- 200 1 $aEconomic and industrial democracy$eAn international journal 207 1$a1980- 210 $aLondon$cSage Publications 326 $aTrimestrale 452 0$12001$aEconomic and industrial democracy 530 0 $aEconomic and industrial democracy 675 $a321 675 $a33 676 $a331.8914 676 $a331.0112 801 0$aIT$bACNP$c20090723 859 4 $uhttp://acnp.cib.unibo.it/cgi-ser/start/it/cnr/dc-p1.tcl?catno=32431&person=false&language=ITALIANO&libr=&libr_th=unina1$zBiblioteche che possiedono il periodico 901 $aSE 912 $a990008953390403321 958 $aBiblioteca della Facoltà di Economia Complesso Universitario Monte S. Angelo- Università degli Studi di Napoli "Federico II"$b1983-1999;$c1997;$eEC.VI-G-5/EC.XXVI-A-1 Dep.$fDECBC 958 $aBiblioteca Centrale della Facoltà di Giurisprudenza dell'Università di Napoli Federico II$b1998-$ePer. ing. 292 (ECO POL)$fFGBC 959 $aDECBC 959 $aFGBC 996 $aEconomic and industrial democracy$9797947 997 $aUNINA AP1 8 $6866-01$aNA042 Biblioteca della Facoltà di Economia Complesso Universitario Monte S. Angelo- Università degli Studi di Napoli "Federico II"$bEC.VI-G-5/EC.XXVI-A-1 Dep.$evia Cinthia,26, 80126 Napoli (NA)$m081676647-0816782$m081676684$nit AP1 8 $6866-02$aNA073 Biblioteca Centrale della Facoltà di Giurisprudenza dell'Università di Napoli Federico II$bPer. ing. 292 (ECO POL)$eCorso Umberto I, 80138 Napoli (NA)$m0812537531/33$m0812537532$nit AP2 40$aacnp.cib.unibo.it$nACNP Italian Union Catalogue of Serials$uhttp://acnp.cib.unibo.it/cgi-ser/start/it/cnr/df-p.tcl?catno=32431&language=ITALIANO&libr=&person=&B=1&libr_th=unina&proposto=NO